| 000 | 00832nac a22002411u 4500 | ||
|---|---|---|---|
| 010 | _a013507703 | ||
| 020 | _a9780745638638 | ||
| 022 | _a9780745638645 (pbk.) | ||
| 082 |
_a303.66 _bKAL |
||
| 090 |
_c9208 _d9208 |
||
| 100 | _aKaldor, Mary. | ||
| 245 |
_aNew & old wars / _cMary Kaldor. |
||
| 250 | _a2nd ed. | ||
| 260 |
_aCambridge : _bPolity, C.2006. _cC.2006. |
||
| 300 |
_a231 p. ; _c23 cm. |
||
| 500 | _aFormerly CIP. Uk | ||
| 500 | _a "Organized violence in a global era"--Cover. | ||
| 504 | _aIncludes bibliographical references and index. | ||
| 650 | _aLow-intensity conflicts (Military science) | ||
| 650 | _aWorld politics -- 1989- | ||
| 942 |
_cBB _k303.66KAL |
||
| 999 |
_c9208 _d9208 |
||